000 00780cam a22002651 4500
001 24683
003 BD-RjUL
005 20211209001102.0
008 140315s1928 xx ac 001 0 eng
035 _a(BD-RjUL)24752
035 _a(OCoLC)1460002
040 _aDLC
_cOCU
_dDLC
_dBD-RjUL
_beng
041 _aeng
082 _a942.0750924
_bRAS
100 1 _aRamsay, A. A. W.
_q(Anna Augusta Whittall),
_d1894-
_975979
245 0 0 _aSir Robert Peel /
_cby A. A. W. Ramsay.
260 _aLondon :
_bConstable,
_c1928.
300 _axi, 385 p. :
_billus., port. ;
_c23 cm.
490 0 _aMakers of the nineteenth century
504 _aBibliography: p. 378-380.
600 1 0 _aPeel, Robert,
_d1788-1850.
_975982
942 _2ddc
_cBK
999 _c24683
_d24683